[Event "Titled Tuesday intern op 12th May"]
[Site "Chess.com INT"]
[Date "2020.05.12"]
[Round "3"]
[White "Sorokobjagin, Sergey"]
[Black "Zivkovic, Ivan B"]
[Result "1-0"]
[WhiteElo "2253"]
[BlackElo "2330"]
[PlyCount "95"]
[EventDate "2020.05.12"]
[EventType "swiss (blitz)"]
[EventRounds "10"]
[EventCountry "USA"]
[SourceTitle "EXT 2021"]
[Source "ChessBase"]
[SourceDate "2020.10.23"]
[SourceVersion "1"]
[SourceVersionDate "2020.10.23"]
[SourceQuality "1"]

1. d4 Nf6 2. Nf3 e6 3. c4 Bb4+ 4. Bd2 Qe7 5. g3 Nc6 6. Bg2 Bxd2+ 7. Nbxd2 0-0 8. 0-0 d6 9. e3 a5 10. a3 a4 11. Rc1 e5 12. Qc2 Bg4 13. h3 Bh5 14. d5 Nb8 15. c5 Bxf3 16. Bxf3 Nbd7 17. cxd6 cxd6 18. Qc7 b5 19. e4 Rfb8 20. Bg4 Nxg4 21. hxg4 Rc8 22. Qxc8+ Rxc8 23. Rxc8+ Nf8 24. Nf3 g6 25. Rfc1 Kg7 26. g5 Qd7 27. Rb8 Qg4 28. Kg2 h6 29. Rcc8 hxg5 30. Rxf8 Qxe4 31. Rg8+ Kf6 32. Rbc8 g4 33. Rc3 Qxd5 34. Rf8 Kg7 35. Rfc8 gxf3+ 36. Rxf3 f5 37. Rc7+ Kf6 38. Rcc3 g5 39. Kg1 g4 40. Rfd3 Qe4 41. Rxd6+ Kg5 42. Rd1 Qe2 43. Rd8 Qxb2 44. Rc6 f4 45. Rg8+ Kf5 46. gxf4 exf4 47. Rf8+ Ke4 48. Rcf6 1-0

[Event "Titled Tuesday intern op 28th Apr"]
[Site "Chess.com INT"]
[Date "2020.04.28"]
[Round "1"]
[White "Zivkovic, Ivan B"]
[Black "Rahman, Farhadur"]
[Result "0-1"]
[WhiteElo "2330"]
[BlackElo "1969"]
[PlyCount "102"]
[EventDate "2020.04.28"]
[EventType "swiss (blitz)"]
[EventRounds "10"]
[EventCountry "USA"]
[SourceTitle "EXT 2021"]
[Source "ChessBase"]
[SourceDate "2020.10.23"]
[SourceVersion "1"]
[SourceVersionDate "2020.10.23"]
[SourceQuality "1"]

1. e4 e5 2. Nf3 Nc6 3. Bb5 a6 4. Ba4 Nf6 5. 0-0 Be7 6. Re1 b5 7. Bb3 d6 8. c3 0-0 9. h3 Na5 10. Bc2 c5 11. d4 Qc7 12. Nbd2 Bb7 13. d5 Bc8 14. Nf1 Ne8 15. Ng3 g6 16. Bh6 Ng7 17. a4 Bd7 18. Nd2 Rfe8 19. Qe2 Nb7 20. Ra2 c4 21. Rea1 Rab8 22. axb5 axb5 23. Ra7 Qc8 24. f4 exf4 25. Bxf4 Bf6 26. Rf1 Be5 27. Bxe5 Rxe5 28. Qf2 Qc5 29. Qxc5 Nxc5 30. Rfa1 Ree8 31. Kf2 h5 32. b4 cxb3 33. Nxb3 Nxb3 34. Bxb3 Rbd8 35. Rc7 h4 36. Ne2 Rxe4 37. Raa7 Be8 38. Nd4 b4 39. Bc2 Re5 40. Nf3 Rxd5 41. Bb3 Rf5 42. cxb4 d5 43. Ke3 Ne6 44. Re7 d4+ 45. Kd2 Rf6 46. Bxe6 Rxe6 47. Rxe6 fxe6 48. Nxh4 e5 49. Re7 Rb8 50. Rxe5 Bf7 51. Re4 Rxb4 0-1

[Event "Titled Tuesday intern op 7th April"]
[Site "Chess.com INT"]
[Date "2020.04.07"]
[Round "1"]
[White "Kalezic, Blazo"]
[Black "Zivkovic, Ivan B"]
[Result "1-0"]
[WhiteElo "2451"]
[BlackElo "2330"]
[PlyCount "79"]
[EventDate "2020.04.07"]
[EventType "swiss (blitz)"]
[EventRounds "10"]
[EventCountry "USA"]
[SourceTitle "EXT 2021"]
[Source "ChessBase"]
[SourceDate "2020.10.23"]
[SourceVersion "1"]
[SourceVersionDate "2020.10.23"]
[SourceQuality "1"]

1. e4 c5 2. Nf3 g6 3. Bc4 Nc6 4. 0-0 Bg7 5. Re1 e6 6. c3 Nge7 7. Bb3 d5 8. e5 d4 9. d3 0-0 10. Bg5 h6 11. Bh4 g5 12. Bg3 Nf5 13. Ba4 Bd7 14. h3 Qb6 15. Bb3 Nxg3 16. fxg3 Qc7 17. Qe2 Rad8 18. Nbd2 dxc3 19. bxc3 Na5 20. Nc4 Nxc4 21. Bxc4 b5 22. Bb3 a5 23. a4 b4 24. cxb4 cxb4 25. Rac1 Qb6+ 26. Kh2 Bc6 27. Nd2 Rd4 28. Nc4 Qa7 29. Nxa5 Qxa5 30. Rxc6 Rfd8 31. Bc4 Qxa4 32. Ra6 Qd7 33. Qf3 Qc7 34. Rc6 Qb7 35. Ba6 Qb8 36. Rf1 Rf8 37. Qh5 Qxe5 38. Bc4 Qa5 39. Rxf7 Rxf7 40. Bxe6 1-0

[Event "SRB-chT 1st League"]
[Site "Bajina Basta"]
[Date "2019.09.19"]
[Round "9.24"]
[White "Zivkovic, Ivan B"]
[Black "Ignjatovic, Predrag"]
[Result "1/2-1/2"]
[WhiteElo "2351"]
[BlackElo "2253"]
[PlyCount "133"]
[EventDate "2019.09.13"]
[EventType "team-tourn"]
[EventRounds "11"]
[EventCountry "SRB"]
[SourceTitle "CBM 195 Extra"]
[Source "ChessBase"]
[SourceDate "2020.05.31"]
[SourceVersion "1"]
[SourceVersionDate "2020.05.31"]
[SourceQuality "1"]
[WhiteTeam "Pozega"]
[BlackTeam "Sabac"]
[WhiteTeamCountry "SRB"]
[BlackTeamCountry "SRB"]

1. e4 e5 2. Nf3 Nf6 3. Nxe5 d6 4. Nf3 Nxe4 5. Nc3 Nxc3 6. dxc3 Be7 7. Be3 Nc6 8. Qd2 Be6 9. 0-0-0 Qd7 10. Kb1 0-0 11. h4 Bg4 12. Bd3 Bxf3 13. gxf3 Ne5 14. Be2 Kh8 15. Rdg1 f5 16. f4 Nc6 17. Bf3 Bf6 18. Rh3 Rae8 19. h5 a6 20. Rhg3 Re7 21. Qd3 Nd8 22. Bg2 Qb5 23. Qxb5 axb5 24. Bf1 c6 25. Bd3 Ne6 26. Rh3 Nc7 27. Bxf5 Nd5 28. Bd3 h6 29. Bd2 Ra8 30. c4 bxc4 31. Bxc4 Nc7 32. Re3 d5 33. Rxe7 Bxe7 34. Bc3 Ne8 35. Bd3 Bf6 36. Be5 Kg8 37. c4 dxc4 38. Bxc4+ Kf8 39. Rd1 Rd8 40. Kc2 Rxd1 41. Kxd1 Ke7 42. Ke2 Nd6 43. Bd3 Kd7 44. Ke3 c5 45. b3 b6 46. a3 Kc6 47. Be4+ Kc7 48. Bd5 Kd7 49. b4 cxb4 50. axb4 Ke7 51. Kd4 Nb5+ 52. Kd3 Nd6 53. Bc4 Kd7 54. b5 Ne8 55. Ke4 Bh4 56. Bd4 Bd8 57. Be2 Kd6 58. Kf5 Ke7 59. Bc3 Bc7 60. Be5 Bd8 61. Kg6 Kf8 62. Bc4 Be7 63. Bd5 Bc5 64. Bf7 Nf6 65. f3 Nxh5 66. Bd5 Nf6 67. Bxf6 1/2-1/2

[Event "SRB-chT 1st League"]
[Site "Bajina Basta"]
[Date "2019.09.18"]
[Round "8.12"]
[White "Ivanovic, Marko"]
[Black "Zivkovic, Ivan B"]
[Result "0-1"]
[WhiteElo "2184"]
[BlackElo "2351"]
[PlyCount "78"]
[EventDate "2019.09.13"]
[EventType "team-tourn"]
[EventRounds "11"]
[EventCountry "SRB"]
[SourceTitle "CBM 195 Extra"]
[Source "ChessBase"]
[SourceDate "2020.05.31"]
[SourceVersion "1"]
[SourceVersionDate "2020.05.31"]
[SourceQuality "1"]
[WhiteTeam "Kostolac Rudar"]
[BlackTeam "Pozega"]
[WhiteTeamCountry "SRB"]
[BlackTeamCountry "SRB"]

1. Nf3 Nf6 2. g3 g6 3. Bg2 Bg7 4. 0-0 0-0 5. d4 d6 6. c4 c6 7. Nc3 Qa5 8. e4 Qh5 9. Bf4 Bg4 10. d5 g5 11. Be3 h6 12. Bd4 Nbd7 13. Qd3 c5 14. Bxf6 Bxf6 15. Rac1 Bg7 16. Nd2 Bd4 17. Nf3 Bxf3 18. Qxf3 g4 19. Qf5 Qxf5 20. exf5 Ne5 21. Ne2 Bxb2 22. Rc2 Ba3 23. h3 Rab8 24. hxg4 b5 25. cxb5 Rxb5 26. Bh3 Rfb8 27. Nc1 Nf3+ 28. Kg2 Nd4 29. Rd2 Rb2 30. Rd3 Bb4 31. Rfd1 Rb6 32. Re3 Kf8 33. Kg1 Bd2 34. Ra3 Bxc1 35. Rxa7 Bg5 36. Bf1 Rc2 37. Rd3 Rbb2 38. f4 Bf6 39. a4 Nf3+ 0-1

[Event "Titled Tuesday intern op 6th Aug"]
[Site "Chess.com INT"]
[Date "2019.08.06"]
[Round "1"]
[White "Zivkovic, Ivan B"]
[Black "Aveskulov, Valeriy"]
[Result "0-1"]
[WhiteElo "2351"]
[BlackElo "2529"]
[PlyCount "120"]
[EventDate "2019.08.06"]
[EventType "swiss (blitz)"]
[EventRounds "10"]
[EventCountry "USA"]
[SourceTitle "EXT 2021"]
[Source "ChessBase"]
[SourceDate "2020.10.23"]
[SourceVersion "1"]
[SourceVersionDate "2020.10.23"]
[SourceQuality "1"]

1. e4 c5 2. Nc3 a6 3. f4 b5 4. g3 Bb7 5. Bg2 e6 6. Nge2 h5 7. h3 d5 8. exd5 exd5 9. d4 c4 10. a3 Nf6 11. Be3 Bd6 12. Qd2 0-0 13. 0-0 Re8 14. Rae1 Bc6 15. f5 Nbd7 16. Bg5 Qb6 17. Nf4 Qb7 18. Bf3 a5 19. Kh2 b4 20. axb4 axb4 21. Nd1 Qc7 22. Qg2 h4 23. Bxh4 Bxf4 24. gxf4 Qxf4+ 25. Bg3 Qxd4 26. Rg1 Rxe1 27. Bxe1 Ne4 28. Bxe4 dxe4 29. Ne3 c3 30. bxc3 bxc3 31. Bf2 Kf8 32. Ng4 Qd6+ 33. Bg3 Qd2 34. Qxd2 cxd2 35. Bd6+ Ke8 36. Rd1 Ra2 37. Rxd2 Ba4 38. Ne3 f6 39. Kg3 Kf7 40. Kf4 Nb6 41. Kxe4 Bc6+ 42. Kd4 Ra5 43. Bc7 Ra4+ 44. c4 Nd7 45. h4 Ra1 46. Bd6 Rh1 47. Bg3 Rg1 48. Bf2 Ra1 49. Rb2 Ke7 50. Nd5+ Kf7 51. Bg3 Rd1+ 52. Ke3 Bxd5 53. cxd5 Rxd5 54. Ke4 Rd1 55. Rb7 Kg8 56. Ke3 Rd5 57. Ke4 Rd1 58. Ke3 Kh7 59. Bf4 Nc5 60. Rc7 Nd7 0-1

[Event "Titled Tuesday intern op 6th Aug"]
[Site "Chess.com INT"]
[Date "2019.08.06"]
[Round "3"]
[White "Zivkovic, Ivan B"]
[Black "Filgueiras, Nathan Felipe"]
[Result "1-0"]
[WhiteElo "2351"]
[BlackElo "2260"]
[PlyCount "79"]
[EventDate "2019.08.06"]
[EventType "swiss (blitz)"]
[EventRounds "10"]
[EventCountry "USA"]
[SourceTitle "EXT 2021"]
[Source "ChessBase"]
[SourceDate "2020.10.23"]
[SourceVersion "1"]
[SourceVersionDate "2020.10.23"]
[SourceQuality "1"]

1. e4 c5 2. Nc3 Nc6 3. f4 d6 4. Nf3 g6 5. Bb5 Bd7 6. 0-0 Bg7 7. d3 e6 8. Bxc6 Bxc6 9. Qe1 Ne7 10. Qh4 0-0 11. Bd2 Bd7 12. f5 exf5 13. Bh6 Nc6 14. Ng5 f6 15. Bxg7 fxg5 16. Qh6 Rf7 17. exf5 Rxg7 18. f6 Rf7 19. Qxg5 Nd4 20. Nd5 Kh8 21. Ne7 Nf5 22. Rae1 Qf8 23. g4 Nh6 24. h3 Ng8 25. Qh4 Nxf6 26. Nxg6+ Kg7 27. Nxf8 Raxf8 28. g5 Ng8 29. Rxf7+ Rxf7 30. Qg3 Rf5 31. h4 d5 32. Qd6 Bc6 33. Qxc5 Rf4 34. Qd6 Rxh4 35. Kf2 Rg4 36. Qe5+ Kg6 37. Rg1 Bd7 38. Qxd5 Rxg1 39. Kxg1 Bf5 40. Qxg8+ 1-0

[Event "Titled Tuesday intern op 2nd July"]
[Site "Chess.com INT"]
[Date "2019.07.02"]
[Round "3"]
[White "Manukian, Artak"]
[Black "Zivkovic, Ivan B"]
[Result "0-1"]
[WhiteElo "2196"]
[BlackElo "2351"]
[PlyCount "86"]
[EventDate "2019.07.02"]
[EventType "swiss (blitz)"]
[EventRounds "10"]
[EventCountry "USA"]
[SourceTitle "EXT 2021"]
[Source "ChessBase"]
[SourceDate "2020.10.23"]
[SourceVersion "1"]
[SourceVersionDate "2020.10.23"]
[SourceQuality "1"]

1. e4 c5 2. Nf3 g6 3. c3 Bg7 4. d4 cxd4 5. cxd4 d5 6. exd5 Nf6 7. Bb5+ Nbd7 8. Nc3 0-0 9. Bxd7 Bxd7 10. Qb3 b5 11. 0-0 a5 12. a4 b4 13. Nb5 Bxb5 14. axb5 Nxd5 15. Bg5 Qd7 16. Ne5 Qxb5 17. Rac1 Rfc8 18. Rxc8+ Rxc8 19. Bxe7 Bxe5 20. dxe5 Nxe7 21. e6 Qc4 22. exf7+ Kxf7 23. Qh3 h5 24. Qf3+ Kg7 25. Qb7 Rc7 26. Qb6 Nd5 27. Qxa5 Nf4 28. Qe5+ Kh7 29. g3 Nd3 30. Qd6 Nxb2 31. Re1 Rf7 32. Re7 b3 33. Rxf7+ Qxf7 34. g4 hxg4 35. Qg3 Nd1 36. f4 b2 37. f5 Qxf5 38. Qh4+ Kg7 39. Qe7+ Qf7 40. Qe5+ Qf6 41. Qc7+ Kh6 42. Qg3 b1Q 43. Qxg4 Ne3+ 0-1

[Event "Titled Tuesday intern op 2nd July"]
[Site "Chess.com INT"]
[Date "2019.07.02"]
[Round "6"]
[White "Umetsubo, Cesar Hidemitsu"]
[Black "Zivkovic, Ivan B"]
[Result "0-1"]
[WhiteElo "2406"]
[BlackElo "2351"]
[PlyCount "116"]
[EventDate "2019.07.02"]
[EventType "swiss (blitz)"]
[EventRounds "10"]
[EventCountry "USA"]
[SourceTitle "EXT 2021"]
[Source "ChessBase"]
[SourceDate "2020.10.23"]
[SourceVersion "1"]
[SourceVersionDate "2020.10.23"]
[SourceQuality "1"]

1. d4 Nf6 2. c4 e6 3. Nc3 Bb4 4. a3 Bxc3+ 5. bxc3 b6 6. f3 Nc6 7. e4 Ba6 8. Bg5 h6 9. Bh4 Na5 10. e5 g5 11. Bf2 Ng8 12. Qa4 Ne7 13. h4 Ng6 14. Bd3 Nf4 15. Bf1 Rg8 16. Be3 Qe7 17. hxg5 hxg5 18. g3 Ng6 19. Bd3 0-0-0 20. Rh7 d6 21. Nh3 Nf8 22. Rh5 dxe5 23. Bxg5 f6 24. Be3 Rxg3 25. Kf2 Qg7 26. Rg1 Rxg1 27. Nxg1 Qd7 28. Qxd7+ Nxd7 29. Rh4 Bxc4 30. Bc2 exd4 31. Rxd4 Ne5 32. Rxd8+ Kxd8 33. Nh3 c5 34. Nf4 Ke7 35. Kg3 Bb3 36. Be4 Nac4 37. Bc1 Nd6 38. Bh7 f5 39. Kf2 Kf6 40. Nh5+ Kf7 41. Bf4 Ndc4 42. Bg3 Nd7 43. Nf4 Nf6 44. Bg6+ Ke7 45. Bh4 Ne5 46. Bh5 Ned7 47. Bg6 e5 48. Nh5 Ke6 49. Ng7+ Kd5 50. Nxf5 Kc4 51. Nd6+ Kxc3 52. Nb5+ Kb2 53. Bf5 Ba4 54. Nxa7 Kxa3 55. Nc8 b5 56. Nd6 c4 57. Ke2 Kb2 58. Kd2 c3+ 0-1

[Event "Titled Tuesday intern op 7th May"]
[Site "Chess.com INT"]
[Date "2019.05.07"]
[Round "2"]
[White "Zivkovic, Ivan B"]
[Black "Rathnakaran, Kantholi"]
[Result "1-0"]
[WhiteElo "2351"]
[BlackElo "2338"]
[PlyCount "61"]
[EventDate "2019.05.07"]
[EventType "swiss (blitz)"]
[EventRounds "10"]
[EventCountry "USA"]
[SourceTitle "EXT 2021"]
[Source "ChessBase"]
[SourceDate "2020.10.23"]
[SourceVersion "1"]
[SourceVersionDate "2020.10.23"]
[SourceQuality "1"]

1. f4 Nf6 2. b3 d5 3. Bb2 c6 4. Nf3 Bf5 5. e3 e6 6. h3 Nbd7 7. g4 Bg6 8. d3 Qb6 9. Qe2 0-0-0 10. Nbd2 h5 11. g5 Ne8 12. Nh4 Bc5 13. d4 Be7 14. Nxg6 fxg6 15. Qd3 Nf8 16. Nf3 Nd6 17. Ne5 Ne4 18. Bg2 Ng3 19. Rg1 Nf5 20. 0-0-0 Rg8 21. Kb1 c5 22. c4 Kb8 23. cxd5 exd5 24. dxc5 Bxc5 25. Bxd5 Nxe3 26. Nc4 Rxd5 27. Nxb6 Rxd3 28. Rxd3 Bd6 29. Rxd6 axb6 30. Re1 Nf5 31. Rd8+ 1-0

[Event "SRB-chT Central"]
[Site "Kragujevac"]
[Date "2018.09.19"]
[Round "8.5"]
[White "Zivkovic, Ivan B"]
[Black "Milosevic, Boban"]
[Result "1/2-1/2"]
[WhiteElo "2349"]
[BlackElo "2221"]
[PlyCount "67"]
[EventDate "2018.09.14"]
[EventType "team-tourn"]
[EventRounds "11"]
[EventCountry "SRB"]
[SourceTitle "CBM 186 Extra"]
[Source "ChessBase"]
[SourceDate "2018.08.24"]
[SourceVersion "1"]
[SourceVersionDate "2018.08.24"]
[SourceQuality "1"]
[WhiteTeam "Pozega"]
[BlackTeam "Smederevska Palanka Jasenica"]
[WhiteTeamCountry "SRB"]
[BlackTeamCountry "SRB"]

1. e4 e5 2. Nf3 Nc6 3. Bb5 Nf6 4. 0-0 Nxe4 5. d4 Nd6 6. Bxc6 dxc6 7. dxe5 Nf5 8. Qxd8+ Kxd8 9. Rd1+ Ke8 10. Nc3 Ne7 11. h3 Ng6 12. b3 Be7 13. Bb2 h6 14. Re1 Nf4 15. Nd4 Ne6 16. Nf5 Bf8 17. Ne4 Bd7 18. Rad1 Rd8 19. g4 Bc8 20. Kg2 Rxd1 21. Rxd1 h5 22. Kg3 hxg4 23. hxg4 b6 24. f4 Bb7 25. Ne3 Be7 26. g5 Bc8 27. Nf5 Bf8 28. Ne3 Be7 29. c4 a5 30. Nf5 Bf8 31. Ne3 Be7 32. Ng4 Nf8 33. Re1 Be6 34. Nef2 1/2-1/2

[Event "SRB-chT 1st League"]
[Site "Banja Vrujci"]
[Date "2017.09.17"]
[Round "2.6"]
[White "Zivkovic, Ivan B"]
[Black "Ilic, Dragan M"]
[Result "0-1"]
[WhiteElo "2353"]
[BlackElo "2311"]
[PlyCount "46"]
[EventDate "2017.09.16"]
[EventType "team"]
[EventRounds "11"]
[EventCountry "SRB"]
[SourceTitle "CBM 180 Extra"]
[Source "ChessBase"]
[SourceDate "2017.10.06"]
[SourceVersion "1"]
[SourceVersionDate "2017.10.06"]
[SourceQuality "1"]
[WhiteTeam "Pozega"]
[BlackTeam "Valjevo 2005"]
[WhiteTeamCountry "SRB"]
[BlackTeamCountry "SRB"]

1. e4 e6 2. d4 d5 3. Nc3 Bb4 4. e5 c5 5. a3 Bxc3+ 6. bxc3 Ne7 7. Qg4 Qc7 8. Qxg7 Rg8 9. Qxh7 cxd4 10. Ne2 dxc3 11. f4 Bd7 12. Qd3 Nbc6 13. Nxc3 a6 14. Rb1 Na5 15. h4 Nf5 16. Rh3 0-0-0 17. h5 Qc5 18. Qf3 Bc6 19. Bd2 Nc4 20. g4 Nxd2 21. Kxd2 Ne3 22. g5 d4 23. Ne4 Qxc2+ 0-1

[Event "SRB-chT"]
[Site "Kragujevac"]
[Date "2016.09.26"]
[Round "5.2"]
[White "Zivkovic, Ivan B"]
[Black "Sarenac, Ivan"]
[Result "0-1"]
[WhiteElo "2348"]
[BlackElo "2410"]
[PlyCount "146"]
[EventDate "2016.09.22"]
[EventType "team-tourn"]
[EventRounds "11"]
[EventCountry "SRB"]
[SourceTitle "CBM 174 Extra"]
[Source "ChessBase"]
[SourceDate "2016.10.10"]
[SourceVersion "1"]
[SourceVersionDate "2016.10.10"]
[SourceQuality "1"]
[WhiteTeam "Pozega"]
[BlackTeam "Itaka"]
[WhiteTeamCountry "SRB"]
[BlackTeamCountry "SRB"]

1. d4 Nf6 2. c4 g6 3. f3 e6 4. e4 d5 5. cxd5 exd5 6. e5 Nh5 7. Be3 c5 8. dxc5 Nc6 9. Bb5 Qh4+ 10. Bf2 Qb4+ 11. Nc3 Bxc5 12. Bxc5 Qxc5 13. Qxd5 Qe3+ 14. Nge2 0-0 15. Bxc6 bxc6 16. Qe4 Qb6 17. g4 Ng7 18. 0-0-0 Rb8 19. Rd2 Ne6 20. Nd4 Nc5 21. Qc2 Ba6 22. Rhd1 Rfd8 23. Na4 Nxa4 24. Qxa4 Bd3 25. Qa3 Rxd4 26. Rxd3 Rxd3 27. Rxd3 Qg1+ 28. Rd1 Qxh2 29. Qc3 Re8 30. Re1 Qf4+ 31. Kb1 Qa4 32. a3 Rd8 33. Ka2 Qb5 34. Re3 Rd1 35. Qb3 Qf1 36. Qb8+ Kg7 37. Qxa7 Qc4+ 38. Rb3 Rd3 39. Qb6 Rxf3 40. Qb4 Qd5 41. a4 h5 42. gxh5 gxh5 43. e6 Qxe6 44. a5 h4 45. a6 Rxb3 46. Qxb3 Qxb3+ 47. Kxb3 h3 48. a7 h2 49. a8Q h1Q 50. Qb8 Qd5+ 51. Kc3 f5 52. Qg3+ Kf7 53. Qf4 Qc5+ 54. Kd3 Qd5+ 55. Kc3 Qd7 56. Qg5 Qe6 57. Qf4 Ke7 58. Qc7+ Kf6 59. Qd8+ Kg6 60. Qb8 Qe3+ 61. Kc2 Qe4+ 62. Kd2 f4 63. Qg8+ Kf5 64. Qh8 Kg4 65. Qg7+ Kf3 66. Qh6 Kg2 67. Qg5+ Kf1 68. Qh6 c5 69. Qh8 Qg2+ 70. Kc1 Kg1 71. Qe5 Qf1+ 72. Kd2 Qf2+ 73. Kc1 Qe3+ 0-1

[Event "SRB-CupT Central"]
[Site "Serbia"]
[Date "2013.04.26"]
[Round "5.6"]
[White "Zivkovic, Ivan B"]
[Black "Bura, Goran"]
[Result "1/2-1/2"]
[WhiteElo "2339"]
[BlackElo "2209"]
[PlyCount "87"]
[EventDate "2013.03.24"]
[EventType "team-tourn"]
[EventRounds "8"]
[EventCountry "SRB"]
[SourceTitle "EXT 2018"]
[Source "ChessBase"]
[SourceDate "2017.10.13"]
[SourceVersion "1"]
[SourceVersionDate "2017.10.13"]
[SourceQuality "1"]

1. e4 c5 2. Nf3 e6 3. d4 cxd4 4. Nxd4 a6 5. Bd3 Bc5 6. Nb3 Be7 7. 0-0 d6 8. c4 Nd7 9. Nc3 Ngf6 10. f4 h5 11. Qe2 b6 12. Bd2 Bb7 13. Rae1 h4 14. Nd4 h3 15. g3 Rh5 16. b4 e5 17. Nf5 Kf8 18. Nd5 Bxd5 19. exd5 g6 20. fxe5 Nxe5 21. Nxe7 Qxe7 22. Bc3 Re8 23. Bc2 Kg8 24. Qf2 Nfd7 25. Ba4 Rf5 26. Qe3 Rxf1+ 27. Rxf1 Nxc4 28. Qxe7 Rxe7 29. Bxd7 Rxd7 30. Bf6 Ne5 31. Rc1 g5 32. Kf1 Kh7 33. Ke2 Kg6 34. Bxe5 Re7 35. Rc6 Rxe5+ 36. Kf3 Rxd5 37. Rxb6 Rd2 38. Rxa6 Rxh2 39. Rxd6+ Kf5 40. Rd5+ Kg6 41. Kg4 Rxa2 42. Rxg5+ Kf6 43. Rf5+ Ke6 44. Rf1 1/2-1/2